[Event "EYCC 2024 - G14"]
[Site "?"]
[Date "2024.08.24"]
[Round "3.1"]
[White "Vujovic, Vera"]
[Black "Siskou, Evangelia"]
[Result "1-0"]
[BlackElo "1932"]
[WhiteElo "2175"]
[LiveChessVersion "1.4.8"]

1. e4 {[%clk 1:30:59]} e5 {[%clk 1:30:51]} 2. Nf3 {[%clk 1:31:26]} Nc6
{[%clk 1:31:13]} 3. Bb5 {[%clk 1:31:52]} Nf6 {[%clk 1:31:36]} 4. d3 d6
{[%clk 1:32:00]} 5. O-O {[%clk 1:32:20]} Be7 {[%clk 1:30:20]} 6. c3
{[%clk 1:32:33]} O-O {[%clk 1:30:26]} 7. Re1 {[%clk 1:32:05]} h6 {[%clk 1:20:05]}
8. Nbd2 {[%clk 1:27:32]} Be6 {[%clk 1:15:26]} 9. Nf1 Nh7 10. d4 {[%clk 1:09:50]}
exd4 {[%clk 1:11:30]} 11. cxd4 {[%clk 1:10:00]} Bg4 {[%clk 1:09:09]} 12. Bxc6
{[%clk 1:05:02]} bxc6 {[%clk 1:09:37]} 13. Ne3 {[%clk 1:05:19]} Bh5
{[%clk 1:09:11]} 14. Nf5 {[%clk 1:01:00]} Ng5 {[%clk 1:05:06]} 15. Nxe7+
{[%clk 0:50:04]} Qxe7 {[%clk 1:05:34]} 16. Bxg5 {[%clk 0:50:27]} hxg5
{[%clk 1:04:34]} 17. Rc1 {[%clk 0:46:34]} Qf6 {[%clk 0:57:13]} 18. Rxc6
{[%clk 0:45:19]} g4 {[%clk 0:56:21]} 19. e5 {[%clk 0:39:14]} Qf4 {[%clk 0:41:32]}
20. Qd2 {[%clk 0:28:57]} Qxd2 {[%clk 0:23:26]} 21. Nxd2 {[%clk 0:29:20]} Rab8
{[%clk 0:23:27]} 22. b3 {[%clk 0:28:16]} dxe5 {[%clk 0:18:04]} 23. Rxe5
{[%clk 0:22:00]} Bg6 {[%clk 0:17:38]} 24. f3 {[%clk 0:20:53]} Rfd8
{[%clk 0:16:01]} 25. d5 {[%clk 0:09:18]} gxf3 {[%clk 0:12:40]} 26. Nxf3
{[%clk 0:09:36]} Rd7 {[%clk 0:12:47]} 27. Rc5 {[%clk 0:05:16]} f6
{[%clk 0:11:00]} 28. Re2 {[%clk 0:03:41]} Bf7 {[%clk 0:10:08]} 29. Ra5
{[%clk 0:02:13]} Bxd5 {[%clk 0:07:38]} 30. Rxa7 {[%clk 0:02:15]} Rbd8
{[%clk 0:06:03]} 31. Kf2 {[%clk 0:02:09]} Kf7 {[%clk 0:04:40]} 32. Rc2
{[%clk 0:01:58]} c6 {[%clk 0:04:28]} 33. Rxd7+ {[%clk 0:01:47]} Rxd7
{[%clk 0:04:56]} 34. Ke3 {[%clk 0:01:47]} Ke7 {[%clk 0:04:05]} 35. Nd4
{[%clk 0:01:47]} Kd6 {[%clk 0:03:59]} 36. Nf5+ {[%clk 0:00:55]} Ke5
{[%clk 0:04:00]} 37. g4 {[%clk 0:00:41]} Rb7 {[%clk 0:03:08]} 38. h3
{[%clk 0:00:43]} g5 {[%clk 0:02:13]} 39. Re2 {[%clk 0:00:42]} Rh7
{[%clk 0:01:54]} 40. Kf2+ {[%clk 0:00:47]} Kf4 {[%clk 0:02:15]} 41. Re3
{[%clk 0:01:04]} Ra7 {[%clk 0:02:19]} 42. Nd4 {[%clk 0:00:48]} Rxa2+
{[%clk 0:02:18]} 43. Ne2+ {[%clk 0:01:14]} Rxe2+ {[%clk 0:02:45]} 44. Kxe2
{[%clk 0:01:37]} f5 {[%clk 0:03:06]} 45. gxf5 {[%clk 0:01:49]} Kxf5
{[%clk 0:03:34]} 46. Rc3 {[%clk 0:01:54]} g4 {[%clk 0:02:51]} 47. hxg4+
{[%clk 0:02:09]} Kxg4 {[%clk 0:03:17]} 48. Re3 {[%clk 0:01:54]} Kf4
{[%clk 0:03:30]} 49. b4 {[%clk 0:01:45]} Kf5 {[%clk 0:01:17]} 50. Kd3
{[%clk 0:02:09]} Kf4 {[%clk 0:01:25]} 51. Kd4 {[%clk 0:02:29]} Bh1
{[%clk 0:01:15]} 52. Re1 {[%clk 0:02:48]} Bg2 {[%clk 0:01:26]} 53. Kc5
{[%clk 0:03:05]} Kf5 {[%clk 0:01:13]} 54. Rg1 {[%clk 0:02:51]} Be4
{[%clk 0:01:16]} 55. Rf1+ {[%clk 0:03:15]} Kg6 {[%clk 0:01:36]} 56. Rf8
{[%clk 0:03:26]} Kg7 {[%clk 0:01:52]} 57. Rc8 {[%clk 0:03:47]} 1-0

[Event "EYCC 2024 - G14"]
[Site "?"]
[Date "2024.08.24"]
[Round "3.2"]
[White "Huseynova, Dinara"]
[Black "Kuznecova, Marija"]
[Result "0-1"]
[BlackElo "2174"]
[WhiteElo "1923"]
[LiveChessVersion "1.4.8"]

1. d4 {[%clk 1:30:53]} d5 {[%clk 1:30:51]} 2. e3 {[%clk 1:31:03]} Nf6
{[%clk 1:31:00]} 3. Bd3 {[%clk 1:31:23]} e6 {[%clk 1:30:26]} 4. Nd2
{[%clk 1:31:36]} c5 {[%clk 1:30:22]} 5. c3 {[%clk 1:32:04]} Nc6 {[%clk 1:30:15]}
6. f4 {[%clk 1:31:27]} Bd6 {[%clk 1:28:48]} 7. Nh3 {[%clk 1:30:34]} Ne7
{[%clk 1:25:56]} 8. g4 {[%clk 1:29:40]} cxd4 {[%clk 1:10:26]} 9. cxd4
{[%clk 1:23:50]} Nd7 {[%clk 1:02:26]} 10. b3 {[%clk 1:18:41]} Nc6
{[%clk 0:59:09]} 11. O-O {[%clk 1:16:42]} h5 {[%clk 0:50:55]} 12. g5
{[%clk 1:11:31]} g6 {[%clk 0:49:29]} 13. a3 {[%clk 1:10:07]} O-O {[%clk 0:47:08]}
14. Rf3 {[%clk 1:07:00]} Ne7 {[%clk 0:39:20]} 15. Nf2 {[%clk 1:04:53]} Nf5
{[%clk 0:38:19]} 16. Bxf5 exf5 {[%clk 0:38:30]} 17. Rh3 {[%clk 1:02:24]} b5
{[%clk 0:34:23]} 18. Nf1 Re8 {[%clk 0:33:43]} 19. Ng3 {[%clk 1:02:07]} Nf8
{[%clk 0:32:48]} 20. Nd3 {[%clk 0:59:32]} Ne6 {[%clk 0:26:43]} 21. Nxh5
{[%clk 0:45:55]} Nxg5 {[%clk 0:25:23]} 22. fxg5 {[%clk 0:39:48]} Qxg5+
{[%clk 0:25:33]} 23. Ng3 {[%clk 0:23:58]} Qg4 {[%clk 0:21:56]} 24. Qf1
{[%clk 0:22:46]} f4 {[%clk 0:21:33]} 25. Nf2 {[%clk 0:21:28]} Qg5
{[%clk 0:20:56]} 26. exf4 {[%clk 0:20:24]} Bxf4 {[%clk 0:20:54]} 27. Bxf4
{[%clk 0:18:40]} Qxf4 {[%clk 0:21:16]} 28. Nh5 {[%clk 0:10:42]} Qg5+
{[%clk 0:19:15]} 29. Rg3 {[%clk 0:10:45]} Qxh5 {[%clk 0:19:10]} 30. Qxb5
{[%clk 0:11:09]} Be6 {[%clk 0:15:30]} 31. Re1 {[%clk 0:10:32]} Qh4
{[%clk 0:13:42]} 32. Qa4 {[%clk 0:05:24]} Kg7 {[%clk 0:13:27]} 33. Nd3 Rh8
{[%clk 0:11:34]} 34. Re2 {[%clk 0:04:28]} Bf5 {[%clk 0:11:24]} 35. Ne5
{[%clk 0:03:44]} Rac8 {[%clk 0:11:17]} 36. Nf3 {[%clk 0:02:02]} Rc1+
{[%clk 0:11:29]} 37. Kf2 {[%clk 0:00:50]} Qf4 {[%clk 0:11:11]} 38. Qxa7
{[%clk 0:00:34]} Rxh2+ {[%clk 0:10:54]} 39. Rg2 {[%clk 0:00:37]} Rxg2+
{[%clk 0:10:59]} 40. Kxg2 {[%clk 0:01:01]} Be4 {[%clk 0:10:55]} 0-1

[Event "EYCC 2024 - G14"]
[Site "?"]
[Date "2024.08.24"]
[Round "3.3"]
[White "Mgeladze, Kesaria"]
[Black "Jakubse, Tamae Severina"]
[Result "1-0"]
[BlackElo "1904"]
[WhiteElo "2152"]
[LiveChessVersion "1.4.8"]

1. e4 {[%clk 1:30:57]} e5 {[%clk 1:30:59]} 2. Nf3 {[%clk 1:31:21]} Nc6
{[%clk 1:31:22]} 3. Bb5 {[%clk 1:31:47]} f5 {[%clk 1:31:46]} 4. d3
{[%clk 1:31:27]} fxe4 {[%clk 1:32:11]} 5. dxe4 {[%clk 1:31:53]} Nf6
{[%clk 1:32:37]} 6. O-O {[%clk 1:31:47]} Bc5 {[%clk 1:33:04]} 7. Bxc6
{[%clk 1:31:54]} bxc6 {[%clk 1:33:28]} 8. Nxe5 {[%clk 1:32:06]} O-O
{[%clk 1:33:50]} 9. Nc3 {[%clk 1:32:32]} Qe8 {[%clk 1:34:05]} 10. Nd3
{[%clk 1:32:44]} Bd4 {[%clk 1:24:31]} 11. e5 Nd5 {[%clk 1:17:23]} 12. Nxd5
{[%clk 1:26:05]} cxd5 {[%clk 1:17:50]} 13. Ne1 {[%clk 1:19:53]} c5
{[%clk 1:03:57]} 14. c3 {[%clk 1:15:44]} Ba6 {[%clk 1:03:16]} 15. cxd4
{[%clk 1:15:52]} Bxf1 {[%clk 1:03:35]} 16. Kxf1 {[%clk 1:16:21]} d6
{[%clk 0:34:22]} 17. exd6 {[%clk 1:10:36]} Qb5+ {[%clk 0:34:34]} 18. Qe2
{[%clk 1:05:58]} Qxe2+ {[%clk 0:33:52]} 19. Kxe2 {[%clk 1:06:25]} Rae8+
{[%clk 0:34:02]} 20. Kf1 {[%clk 1:06:48]} cxd4 {[%clk 0:31:55]} 21. Bg5
{[%clk 1:07:15]} Rb8 {[%clk 0:26:00]} 22. d7 {[%clk 1:04:54]} Rxb2
{[%clk 0:25:45]} 23. Nf3 {[%clk 1:04:27]} Rbb8 {[%clk 0:23:01]} 24. Be7
{[%clk 1:04:50]} 1-0

[Event "EYCC 2024 - G14"]
[Site "?"]
[Date "2024.08.24"]
[Round "3.4"]
[White "Bashirli, Saadat"]
[Black "Smietanska, Wiktoria"]
[Result "1-0"]
[BlackElo "2143"]
[WhiteElo "1894"]
[LiveChessVersion "1.4.8"]

1. d4 {[%clk 1:30:57]} Nf6 {[%clk 1:30:53]} 2. c4 {[%clk 1:31:16]} e6
{[%clk 1:31:17]} 3. Nc3 {[%clk 1:31:38]} Bb4 {[%clk 1:31:38]} 4. e3
{[%clk 1:31:56]} O-O {[%clk 1:32:02]} 5. Bd3 {[%clk 1:32:19]} Re8
{[%clk 1:32:19]} 6. Nf3 {[%clk 1:32:08]} Bxc3+ {[%clk 1:29:42]} 7. bxc3
{[%clk 1:32:27]} d6 {[%clk 1:29:52]} 8. O-O {[%clk 1:32:00]} Nbd7
{[%clk 1:21:05]} 9. e4 {[%clk 1:29:40]} e5 {[%clk 1:21:17]} 10. Qc2
{[%clk 1:28:08]} b6 {[%clk 1:18:21]} 11. Re1 {[%clk 1:20:16]} Bb7
{[%clk 1:15:46]} 12. Rb1 {[%clk 1:19:28]} Qc8 {[%clk 0:59:41]} 13. Nh4
{[%clk 1:10:51]} Nb8 {[%clk 0:51:48]} 14. Bg5 {[%clk 1:08:40]} Nfd7
{[%clk 0:42:31]} 15. Nf5 {[%clk 1:03:22]} f6 {[%clk 0:42:27]} 16. Be3
{[%clk 1:03:17]} Nc6 {[%clk 0:37:06]} 17. f4 {[%clk 0:56:21]} Nf8
{[%clk 0:34:09]} 18. Qf2 {[%clk 0:40:38]} Na5 {[%clk 0:27:00]} 19. fxe5
{[%clk 0:37:45]} fxe5 {[%clk 0:25:34]} 20. Rf1 {[%clk 0:34:27]} Qd7
{[%clk 0:23:45]} 21. Qg3 {[%clk 0:29:09]} Kh8 {[%clk 0:20:46]} 22. d5
{[%clk 0:19:19]} Ba6 {[%clk 0:15:28]} 23. Bg5 {[%clk 0:18:41]} Ng6
{[%clk 0:14:12]} 24. h4 {[%clk 0:16:42]} Nf4 {[%clk 0:09:02]} 25. Bxf4
{[%clk 0:13:21]} exf4 {[%clk 0:09:29]} 26. Rxf4 {[%clk 0:13:29]} Bxc4
{[%clk 0:09:31]} 27. Rbf1 {[%clk 0:12:17]} Bxd3 {[%clk 0:07:10]} 28. Qxd3
{[%clk 0:12:29]} Rf8 {[%clk 0:05:41]} 29. h5 {[%clk 0:11:48]} Nb7
{[%clk 0:02:00]} 30. Qd4 {[%clk 0:11:39]} h6 {[%clk 0:00:45]} 31. Nxh6
{[%clk 0:09:51]} Qe7 {[%clk 0:00:45]} 32. Nf7+ {[%clk 0:07:10]} Kh7
{[%clk 0:00:37]} 33. h6 {[%clk 0:06:16]} Rg8 {[%clk 0:00:38]} 34. hxg7
{[%clk 0:05:44]} Rxg7 {[%clk 0:00:59]} 35. e5 {[%clk 0:05:34]} dxe5
{[%clk 0:00:40]} 36. Rh4+ {[%clk 0:05:49]} Kg6 {[%clk 0:00:37]} 37. Qe4# 1-0

[Event "EYCC 2024 - G14"]
[Site "?"]
[Date "2024.08.24"]
[Round "3.5"]
[White "Li, Anna Sofie"]
[Black "Krkyasharyan, Sona"]
[Result "0-1"]
[BlackElo "1884"]
[WhiteElo "2032"]
[LiveChessVersion "1.4.8"]

1. e4 {[%clk 1:30:57]} c5 {[%clk 1:30:55]} 2. Nf3 {[%clk 1:31:22]} d6
{[%clk 1:31:21]} 3. d4 {[%clk 1:31:46]} cxd4 {[%clk 1:31:47]} 4. Nxd4
{[%clk 1:32:10]} Nf6 {[%clk 1:32:13]} 5. Nc3 {[%clk 1:32:31]} a6 {[%clk 1:32:40]}
6. f3 {[%clk 1:32:44]} e5 {[%clk 1:33:04]} 7. Nb3 {[%clk 1:33:09]} Be6
{[%clk 1:33:27]} 8. Be3 {[%clk 1:33:31]} h5 {[%clk 1:33:50]} 9. Nd5
{[%clk 1:33:38]} Bxd5 {[%clk 1:34:12]} 10. exd5 {[%clk 1:34:00]} Nbd7
{[%clk 1:34:40]} 11. Qd2 {[%clk 1:33:02]} g6 {[%clk 1:35:04]} 12. O-O-O
{[%clk 1:32:35]} Nb6 {[%clk 1:35:30]} 13. Kb1 {[%clk 1:29:42]} Nfxd5
{[%clk 1:35:53]} 14. Bf2 {[%clk 1:29:36]} Nf6 {[%clk 1:36:16]} 15. Bh4
{[%clk 1:29:22]} Be7 {[%clk 1:36:40]} 16. Bxf6 {[%clk 1:29:32]} Bxf6
{[%clk 1:37:06]} 17. Qxd6 {[%clk 1:29:54]} Qxd6 {[%clk 1:37:33]} 18. Rxd6
{[%clk 1:30:12]} Bd8 {[%clk 1:38:01]} 19. c3 {[%clk 1:25:31]} Ke7
{[%clk 1:34:33]} 20. Rd2 {[%clk 1:22:20]} Bc7 {[%clk 1:32:55]} 21. Bd3
{[%clk 1:20:36]} Rhd8 {[%clk 1:30:33]} 22. Re1 {[%clk 1:16:09]} f5
{[%clk 1:27:22]} 23. Rg1 {[%clk 0:55:28]} Kf6 {[%clk 1:22:20]} 24. h4
{[%clk 0:44:25]} Nd5 {[%clk 1:19:58]} 25. g3 {[%clk 0:40:01]} Bb6
{[%clk 1:13:42]} 26. Rgd1 {[%clk 0:35:08]} Ne3 {[%clk 1:03:11]} 27. Re1
{[%clk 0:32:56]} Rd7 {[%clk 1:01:06]} 28. Be2 {[%clk 0:20:21]} Rad8
{[%clk 0:56:42]} 29. Kc1 {[%clk 0:19:07]} Rxd2 {[%clk 0:56:14]} 30. Nxd2
{[%clk 0:19:29]} Ng2 {[%clk 0:55:30]} 31. Rd1 {[%clk 0:17:47]} Be3
{[%clk 0:55:27]} 32. c4 {[%clk 0:16:03]} f4 {[%clk 0:54:12]} 33. gxf4
{[%clk 0:12:18]} exf4 {[%clk 0:52:42]} 34. Kc2 {[%clk 0:12:11]} Rxd2+
{[%clk 0:52:43]} 35. Rxd2 {[%clk 0:12:32]} Bxd2 {[%clk 0:53:09]} 36. Kxd2
{[%clk 0:12:55]} Nxh4 {[%clk 0:53:29]} 37. c5 {[%clk 0:11:34]} Nf5
{[%clk 0:53:34]} 38. b4 {[%clk 0:10:00]} Nd4 {[%clk 0:53:24]} 39. a4
{[%clk 0:08:43]} Nxe2 {[%clk 0:53:14]} 40. Kxe2 {[%clk 0:08:56]} Ke5
{[%clk 0:53:37]} 41. b5 {[%clk 0:08:30]} axb5 {[%clk 0:53:55]} 42. axb5
{[%clk 0:08:00]} Kd5 {[%clk 0:54:13]} 43. c6 {[%clk 0:08:04]} bxc6
{[%clk 0:54:40]} 44. b6 {[%clk 0:08:18]} Kd6 {[%clk 0:55:09]} 0-1

[Event "EYCC 2024 - G14"]
[Site "?"]
[Date "2024.08.24"]
[Round "3.6"]
[White "Bernard, Ines"]
[Black "Viti, Greta"]
[Result "1-0"]
[BlackElo "1874"]
[WhiteElo "2005"]
[LiveChessVersion "1.4.8"]

1. e4 {[%clk 1:30:53]} e5 {[%clk 1:30:55]} 2. Nc3 {[%clk 1:31:18]} Nf6
{[%clk 1:31:20]} 3. Bc4 {[%clk 1:31:41]} Nxe4 {[%clk 1:26:59]} 4. Qh5
{[%clk 1:31:56]} Nd6 {[%clk 1:26:23]} 5. Bb3 {[%clk 1:32:21]} Be7
{[%clk 1:15:46]} 6. Qxe5 {[%clk 1:32:43]} O-O {[%clk 1:15:41]} 7. Nf3
{[%clk 1:33:00]} Bf6 {[%clk 1:15:20]} 8. Qf4 {[%clk 1:33:24]} Re8+
{[%clk 1:12:50]} 9. Kf1 {[%clk 1:33:48]} Qe7 {[%clk 1:09:21]} 10. h4
{[%clk 1:31:37]} Bxc3 {[%clk 0:58:32]} 11. dxc3 {[%clk 1:28:13]} Ne4
{[%clk 0:54:18]} 12. Be3 {[%clk 1:15:06]} d6 {[%clk 0:49:05]} 13. Re1
{[%clk 1:07:37]} Nd7 {[%clk 0:43:43]} 14. Bd4 {[%clk 0:57:40]} c5
{[%clk 0:31:32]} 15. Rxe4 {[%clk 0:55:23]} 1-0

[Event "EYCC 2024 - G14"]
[Site "?"]
[Date "2024.08.24"]
[Round "3.7"]
[White "Alfano, Emilie"]
[Black "Markina, Sofiia"]
[Result "1-0"]
[BlackElo "1864"]
[WhiteElo "1990"]
[LiveChessVersion "1.4.8"]

1. e4 {[%clk 1:30:59]} c6 {[%clk 1:30:53]} 2. Nf3 d5 {[%clk 1:31:18]} 3. Nc3
{[%clk 1:31:50]} Bg4 {[%clk 1:31:41]} 4. h3 {[%clk 1:32:14]} Bxf3
{[%clk 1:31:59]} 5. Qxf3 {[%clk 1:32:39]} e6 {[%clk 1:32:21]} 6. Be2
{[%clk 1:33:05]} Bc5 {[%clk 1:32:01]} 7. O-O {[%clk 1:31:19]} Ne7
{[%clk 1:30:03]} 8. Rd1 {[%clk 1:29:37]} d4 {[%clk 1:15:12]} 9. Nb1
{[%clk 1:26:17]} Nd7 {[%clk 1:14:28]} 10. d3 {[%clk 1:25:19]} Ng6
{[%clk 1:14:35]} 11. Nd2 {[%clk 1:24:20]} Nde5 {[%clk 1:12:01]} 12. Qg3
{[%clk 1:24:26]} Qf6 {[%clk 1:04:35]} 13. Nb3 {[%clk 1:24:12]} Qe7
{[%clk 1:02:47]} 14. c3 {[%clk 1:20:05]} dxc3 {[%clk 0:50:00]} 15. d4
{[%clk 1:04:47]} Bd6 {[%clk 0:50:25]} 16. bxc3 {[%clk 1:04:37]} Nd7
{[%clk 0:50:01]} 17. e5 {[%clk 1:04:33]} Ba3 {[%clk 0:49:55]} 18. c4
{[%clk 0:55:44]} Bxc1 {[%clk 0:49:14]} 19. Raxc1 {[%clk 0:56:04]} c5
{[%clk 0:47:20]} 20. Bf3 {[%clk 0:51:16]} Rb8 {[%clk 0:46:51]} 21. Na5
{[%clk 0:43:22]} cxd4 {[%clk 0:42:48]} 22. Rb1 {[%clk 0:36:35]} O-O
{[%clk 0:38:14]} 23. Bxb7 Ndxe5 {[%clk 0:37:30]} 24. f4 {[%clk 0:33:46]} Nxc4
{[%clk 0:35:28]} 25. Nc6 {[%clk 0:33:36]} Qd6 {[%clk 0:33:35]} 26. Nxb8
{[%clk 0:25:08]} Nxf4 {[%clk 0:32:35]} 27. Qf2 {[%clk 0:25:03]} Rxb8
{[%clk 0:32:51]} 28. Ba6 {[%clk 0:21:41]} Nb6 {[%clk 0:32:29]} 29. Rxd4
{[%clk 0:21:43]} Nfd5 {[%clk 0:32:07]} 30. Rf1 {[%clk 0:21:13]} Qc7
{[%clk 0:26:34]} 31. Bd3 {[%clk 0:18:36]} g6 {[%clk 0:25:14]} 32. Be4
{[%clk 0:18:31]} f5 {[%clk 0:24:38]} 33. Bf3 {[%clk 0:18:18]} Nc3
{[%clk 0:20:14]} 34. Qd2 {[%clk 0:16:31]} Rc8 {[%clk 0:19:27]} 35. Rd3
{[%clk 0:15:59]} e5 {[%clk 0:18:54]} 36. Bd1 {[%clk 0:14:51]} Nxd1
{[%clk 0:14:18]} 37. Rxd1 {[%clk 0:15:10]} Qc5+ {[%clk 0:13:16]} 38. Kf1
{[%clk 0:14:14]} Qc2 {[%clk 0:07:51]} 39. Rd8+ {[%clk 0:13:06]} Kg7
{[%clk 0:08:00]} 40. Rxc8 {[%clk 0:11:29]} Qxc8 {[%clk 0:08:21]} 41. Rc1
{[%clk 0:11:34]} Qa6+ {[%clk 0:07:21]} 42. Kg1 {[%clk 0:11:56]} Nc4
{[%clk 0:07:26]} 43. Qd5 {[%clk 0:11:28]} Qb6+ {[%clk 0:05:31]} 44. Kh1
{[%clk 0:11:50]} Nd6 {[%clk 0:05:10]} 45. Rc6 {[%clk 0:09:18]} Qb1+
{[%clk 0:05:35]} 46. Kh2 {[%clk 0:09:45]} Ne4 {[%clk 0:02:52]} 47. Qxe5+
{[%clk 0:10:03]} Kh6 {[%clk 0:02:59]} 48. Qf4+ {[%clk 0:09:42]} Kh5
{[%clk 0:02:39]} 49. Rc7 {[%clk 0:07:36]} Nf6 {[%clk 0:01:13]} 50. g4+
{[%clk 0:07:53]} Kh4 {[%clk 0:01:18]} 51. Rxh7+ {[%clk 0:08:16]} 1-0

[Event "EYCC 2024 - G14"]
[Site "?"]
[Date "2024.08.24"]
[Round "3.8"]
[White "Valente, Sofia"]
[Black "Huseynova, Lala"]
[Result "0-1"]
[BlackElo "1984"]
[WhiteElo "1888"]
[LiveChessVersion "1.4.8"]

1. d4 {[%clk 1:30:56]} d5 {[%clk 1:30:51]} 2. c4 {[%clk 1:31:18]} e6
{[%clk 1:31:18]} 3. Nc3 {[%clk 1:31:40]} Be7 {[%clk 1:31:37]} 4. cxd5
{[%clk 1:32:04]} exd5 {[%clk 1:32:02]} 5. Nf3 {[%clk 1:31:43]} c6
{[%clk 1:29:25]} 6. Qc2 {[%clk 1:30:19]} g6 {[%clk 1:25:52]} 7. Bf4
{[%clk 1:30:29]} Bf5 {[%clk 1:23:43]} 8. Qb3 {[%clk 1:30:52]} Qb6
{[%clk 1:21:07]} 9. Qxb6 {[%clk 1:30:54]} axb6 {[%clk 1:21:31]} 10. e3
{[%clk 1:31:12]} b5 {[%clk 1:19:05]} 11. Be5 {[%clk 1:15:35]} f6 {[%clk 1:09:36]}
12. Bxb8 {[%clk 1:15:22]} Rxb8 {[%clk 1:09:39]} 13. Kd2 {[%clk 1:06:30]} Ra8
{[%clk 0:56:24]} 14. Nh4 {[%clk 0:52:13]} b4 {[%clk 0:52:06]} 15. Ne2
{[%clk 0:48:17]} Bd7 {[%clk 0:41:52]} 16. Nc1 {[%clk 0:44:39]} Nh6
{[%clk 0:36:44]} 17. Be2 {[%clk 0:41:53]} Nf7 {[%clk 0:35:18]} 18. Nd3
{[%clk 0:38:15]} O-O {[%clk 0:30:35]} 19. Nf3 {[%clk 0:36:43]} Ra5
{[%clk 0:27:27]} 20. Kc2 {[%clk 0:31:50]} b6 {[%clk 0:23:00]} 21. b3
{[%clk 0:30:51]} g5 {[%clk 0:17:44]} 22. Kb2 {[%clk 0:30:25]} c5 {[%clk 0:15:28]}
23. Rhc1 {[%clk 0:29:39]} Rc8 {[%clk 0:13:34]} 24. Nd2 {[%clk 0:29:43]} Bb5
{[%clk 0:13:16]} 25. Bg4 {[%clk 0:29:04]} Rd8 {[%clk 0:07:26]} 26. Ne1
{[%clk 0:28:54]} Bd7 {[%clk 0:07:24]} 27. Be2 {[%clk 0:28:58]} f5
{[%clk 0:06:39]} 28. Nc2 {[%clk 0:27:45]} Rda8 {[%clk 0:06:22]} 29. f3
{[%clk 0:24:45]} f4 {[%clk 0:05:32]} 30. e4 {[%clk 0:24:36]} cxd4
{[%clk 0:05:34]} 31. Bd3 {[%clk 0:21:08]} Ne5 {[%clk 0:04:42]} 32. Ne1
{[%clk 0:21:27]} Nxd3+ {[%clk 0:04:25]} 33. Nxd3 {[%clk 0:21:54]} Bb5
{[%clk 0:04:39]} 34. Ne5 {[%clk 0:19:40]} Bc5 {[%clk 0:02:13]} 35. a4
{[%clk 0:18:22]} bxa3+ {[%clk 0:02:31]} 36. Ka2 {[%clk 0:18:43]} Bb4
{[%clk 0:01:52]} 37. Nf1 {[%clk 0:18:24]} Bc3 {[%clk 0:02:02]} 38. Rab1
{[%clk 0:18:46]} dxe4 {[%clk 0:02:16]} 39. fxe4 {[%clk 0:18:54]} Bxf1
{[%clk 0:02:33]} 40. Nc6 {[%clk 0:18:56]} Bd3 {[%clk 0:02:43]} 0-1

[Event "EYCC 2024 - G14"]
[Site "?"]
[Date "2024.08.24"]
[Round "3.9"]
[White "Richter, Johanna"]
[Black "Sickmann, Lisa"]
[Result "0-1"]
[BlackElo "1964"]
[WhiteElo "1861"]
[LiveChessVersion "1.4.8"]

1. d4 {[%clk 1:30:59]} d5 {[%clk 1:30:58]} 2. c4 {[%clk 1:31:15]} e6
{[%clk 1:31:24]} 3. Nf3 {[%clk 1:31:24]} a6 {[%clk 1:31:48]} 4. g3
{[%clk 1:31:24]} dxc4 {[%clk 1:30:28]} 5. a4 {[%clk 1:28:21]} Nf6
{[%clk 1:29:06]} 6. Bg2 {[%clk 1:28:10]} c5 {[%clk 1:26:56]} 7. O-O
{[%clk 1:23:36]} Nc6 {[%clk 1:25:37]} 8. dxc5 {[%clk 1:17:15]} Qxd1
{[%clk 1:24:43]} 9. Rxd1 {[%clk 1:17:41]} Bxc5 {[%clk 1:25:05]} 10. Nbd2
{[%clk 1:15:31]} c3 {[%clk 1:05:33]} 11. bxc3 {[%clk 1:14:43]} O-O
{[%clk 1:04:28]} 12. Nb3 {[%clk 1:13:02]} Be7 {[%clk 1:01:36]} 13. Nbd4
{[%clk 0:59:01]} Bd7 {[%clk 1:00:31]} 14. Ba3 {[%clk 0:48:06]} Bxa3
{[%clk 1:00:16]} 15. Rxa3 {[%clk 0:48:25]} Rac8 {[%clk 0:59:43]} 16. Rb1
{[%clk 0:44:17]} Rc7 {[%clk 0:59:46]} 17. e3 {[%clk 0:43:10]} Rfc8
{[%clk 0:57:37]} 18. Ne2 {[%clk 0:40:31]} e5 {[%clk 0:56:21]} 19. Ng5
{[%clk 0:38:36]} Bg4 {[%clk 0:53:17]} 20. Bxc6 {[%clk 0:32:55]} bxc6
{[%clk 0:52:56]} 21. f3 {[%clk 0:33:06]} Bd7 {[%clk 0:49:09]} 22. Kg2
{[%clk 0:31:24]} h6 {[%clk 0:49:11]} 23. Nh3 {[%clk 0:31:43]} Be6
{[%clk 0:49:25]} 24. Raa1 {[%clk 0:30:24]} Nd5 {[%clk 0:49:14]} 25. e4
{[%clk 0:27:43]} Ne3+ {[%clk 0:49:39]} 26. Kf2 {[%clk 0:28:05]} Nc2
{[%clk 0:50:05]} 27. Nhg1 {[%clk 0:26:47]} Nxa1 {[%clk 0:50:21]} 28. Rxa1
{[%clk 0:27:11]} Rb7 {[%clk 0:50:48]} 29. Ke3 {[%clk 0:26:37]} Bc4
{[%clk 0:50:50]} 30. h3 {[%clk 0:25:21]} Rd8 {[%clk 0:51:14]} 31. Nc1
{[%clk 0:25:19]} Rd1 {[%clk 0:51:30]} 0-1

[Event "EYCC 2024 - G14"]
[Site "?"]
[Date "2024.08.24"]
[Round "3.10"]
[White "Halas, Neele Zoe"]
[Black "Trunz, Tamila"]
[Result "1-0"]
[BlackElo "1962"]
[WhiteElo "1785"]
[LiveChessVersion "1.4.8"]

1. e4 {[%clk 1:30:57]} c5 {[%clk 1:30:45]} 2. c3 {[%clk 1:31:23]} e6
{[%clk 1:31:10]} 3. d4 {[%clk 1:31:48]} d5 {[%clk 1:31:35]} 4. exd5
{[%clk 1:32:14]} exd5 {[%clk 1:31:56]} 5. Nf3 {[%clk 1:32:38]} Nc6
{[%clk 1:31:21]} 6. Bb5 {[%clk 1:32:58]} Nf6 {[%clk 1:31:01]} 7. O-O
{[%clk 1:32:25]} Bd6 {[%clk 1:30:43]} 8. dxc5 {[%clk 1:32:43]} Bxc5
{[%clk 1:31:08]} 9. Bg5 {[%clk 1:32:49]} Be6 {[%clk 1:28:52]} 10. Qa4
{[%clk 1:33:03]} O-O {[%clk 1:24:36]} 11. Nbd2 {[%clk 1:30:16]} h6
{[%clk 1:16:56]} 12. Bxf6 {[%clk 1:29:42]} Qxf6 {[%clk 1:17:14]} 13. Nb3
{[%clk 1:29:51]} Bb6 {[%clk 1:16:05]} 14. Bxc6 {[%clk 1:30:12]} bxc6
{[%clk 1:16:31]} 15. Qxc6 {[%clk 1:30:36]} Rac8 {[%clk 1:13:39]} 16. Qb5
{[%clk 1:30:29]} d4 {[%clk 1:11:49]} 17. Nfxd4 {[%clk 1:22:04]} Bc4
{[%clk 1:08:25]} 18. Qf5 {[%clk 1:22:21]} Bxf1 {[%clk 1:07:50]} 19. Qxf6
{[%clk 1:22:44]} gxf6 {[%clk 1:08:14]} 20. Kxf1 {[%clk 1:23:00]} Rcd8
{[%clk 0:56:48]} 21. Nf5 {[%clk 1:19:03]} Kh7 {[%clk 0:50:51]} 22. Nbd4
{[%clk 1:18:50]} Rfe8 {[%clk 0:43:48]} 23. Re1 {[%clk 1:17:23]} Re5
{[%clk 0:40:27]} 24. f4 {[%clk 1:16:06]} Rxe1+ {[%clk 0:35:41]} 25. Kxe1
{[%clk 1:16:20]} Re8+ {[%clk 0:35:27]} 26. Kd2 {[%clk 1:12:05]} Kg6
{[%clk 0:33:33]} 27. g3 {[%clk 1:10:33]} Bc5 {[%clk 0:31:21]} 28. b4
{[%clk 1:08:18]} Bf8 {[%clk 0:29:02]} 29. a4 {[%clk 0:57:57]} a5 {[%clk 0:26:49]}
30. b5 {[%clk 0:35:10]} Bc5 {[%clk 0:25:56]} 31. h3 {[%clk 0:31:34]} Re4
{[%clk 0:24:31]} 32. Nh4+ {[%clk 0:31:19]} Kh7 {[%clk 0:24:31]} 33. Nhf3
{[%clk 0:31:28]} Re8 {[%clk 0:21:56]} 34. Kd3 {[%clk 0:30:58]} Bb6
{[%clk 0:21:32]} 35. g4 {[%clk 0:27:40]} h5 {[%clk 0:20:01]} 36. gxh5
{[%clk 0:25:35]} Bc7 {[%clk 0:18:04]} 37. f5 {[%clk 0:25:29]} Kg8
{[%clk 0:17:20]} 38. Nd2 {[%clk 0:22:04]} Re1 {[%clk 0:14:35]} 39. Nc4
{[%clk 0:19:23]} Rh1 {[%clk 0:13:15]} 40. b6 {[%clk 0:19:18]} Rxh3+
{[%clk 0:13:37]} 41. Kc2 {[%clk 0:18:39]} Bg3 {[%clk 0:12:29]} 42. Nxa5
{[%clk 0:18:08]} Rxh5 {[%clk 0:11:41]} 43. Nac6 {[%clk 0:18:01]} Kg7
{[%clk 0:11:28]} 44. a5 {[%clk 0:17:47]} Rh8 {[%clk 0:11:19]} 45. a6
{[%clk 0:17:46]} Ra8 {[%clk 0:10:15]} 46. a7 {[%clk 0:18:00]} 1-0